Ikon Pass Resorts - Statistics

General Stats
  • This quiz has been taken 5 times
  • The average score is 18 of 59
Answer Stats
Answer Region Country % Correct
Alta Rockies USA
75%
Big Sky Rockies USA
75%
Copper Rockies USA
75%
Mammoth West USA
75%
Palisades Tahoe West USA
75%
Revelstoke West Canada
75%
Snowbird Rockies USA
75%
Sugarbush East USA
75%
Alyeska Pacific NW USA
50%
Arapahoe Basin Rockies USA
50%
Big Bear West USA
50%
Crystal Mountain Pacific NW USA
50%
Jackson Hole Rockies USA
50%
June West USA
50%
Mt. Bachelor Pacific NW USA
50%
Panorama West Canada
50%
Red West Canada
50%
Sierra at Tahoe West USA
50%
Snowbasin Rockies USA
50%
Solitude Rockies USA
50%
Sun Peaks West Canada
50%
Sun Valley Pacific NW USA
50%
Tremblant East Canada
50%
Aspen Snowmass Rockies USA
25%
Blue East Canada
25%
Brighton Rockies USA
25%
Cypress West Canada
25%
Deer Valley Rockies USA
25%
Eldora Mountain Rockies USA
25%
Loon East USA
25%
SKIBIG3 West Canada
25%
Snow Valley West USA
25%
Steamboat Rockies USA
25%
Stratton East USA
25%
Sugarloaf East USA
25%
Sunday River East USA
25%
The Summit at Snoqualmie Pacific NW USA
25%
Thredbo N/A Austrailia
25%
Winter Park Rockies USA
25%
Arai N/A Japan
0%
Blue Mountain East USA
0%
Boyne Mountain Midwest USA
0%
Camelback East USA
0%
Chamonix N/A France
0%
Coronet Peak/The Remarks/Mt Hutt N/A New Zealand
0%
Dolomiti N/A Italy
0%
Grandvalira Resorts Andorra N/A Andorra
0%
Highlands Midwest USA
0%
Killington-Pico East USA
0%
Kitzbuehl N/A Austria
0%
Mt Buller N/A Austrailia
0%
Niseko United N/A Japan
0%
Schweitzer Pacific NW USA
0%
Snowshoe East USA
0%
St. Moritz N/A Switzerland
0%
Taos Rockies USA
0%
Valle Nevado N/A Chile
0%
Windham East USA
0%
Zermatt N/A Switzerland
0%
No matching quizzes found
Score Distribution
Percent of People with Each Score
Percentile by Number Answered
Your Score History
You have not taken this quiz